000 00536nam a2200169 4500
001 148058
003 ES-MaACL
007 t|
008 070214s1973 mx r ||||1| spa d
100 1 _aSprott, W. J. H.
_9107811
245 1 0 _aIntroducción a la sociología /
_cW. J. H. Sprott ; traducción de Florentino M. Torner.
250 _a1ª. ed. 3ª reimp.
260 _aMéxico :
_bFondo de Cultura Económica,
_c1973.
300 _a252 p. ;
_c17 cm.
700 1 _aTorner, Florentino M.
_9110662
852 _aES-MaACL
_jE-6209
_bR.90583
999 _c148058
_d148058